000 00782cam a22002411 4500
001 000016343
005 20200929164400.0
008 760312s1960 ec 000 0 spa
010 _a60041558
035 _a(OCoLC)2047394
040 _aDO-SdBNP
_cFU
_dDLC
043 _as-ec---
050 0 0 _aF3733
_b.C7
245 0 0 _aCronistas coloniales. :
_b[Estudio, biografias y selecciones de J. Roberto Paez].
260 _aPuebla, :
_bJ. M. Cajica Jr.,
_c[1960].
300 _a2 v. ;
_c22cm.
490 0 _aBiblioteca ecuatoriana minima. La colonia y la republica
651 0 _aEcuador
_xHistory
_yTo 1809.
_936456
651 0 _aSouth America
_xHistory
_yTo 1806.
_917891
650 0 _aHistorians.
_936457
700 1 _aPaez, Jose Roberto,
_eed.
_936458
910 _aCatalogación derivada
999 _c15878
_d15878